Making use of JSP / (Record no. 33177)
[ view plain ]
| 000 -LEADER | |
|---|---|
| fixed length control field | 01213cam a2200325 a 4500 |
| 005 - DATE AND TIME OF LATEST TRANSACTION | |
| control field | 20230802113946.0 |
| 008 - FIXED-LENGTH DATA ELEMENTS--GENERAL INFORMATION | |
| fixed length control field | 021231s2002 nyua 001 0 eng c |
| 010 ## - LIBRARY OF CONGRESS CONTROL NUMBER | |
| LC control number | 2002728863 |
| 020 ## - INTERNATIONAL STANDARD BOOK NUMBER | |
| ISBN | 0471219746 |
| 035 ## - SYSTEM CONTROL NUMBER | |
| System control number | (OCoLC)ocm50419352 |
| 040 ## - CATALOGING SOURCE | |
| Original cataloging agency | SXP |
| Transcribing agency | SXP |
| Modifying agency | FUG |
| -- | DLC |
| 042 ## - AUTHENTICATION CODE | |
| Authentication code | pcc |
| 050 00 - LIBRARY OF CONGRESS CALL NUMBER | |
| Classification number | TK5105.8885.J38 |
| Item number | G36 2002 |
| 082 00 - DEWEY DECIMAL CLASSIFICATION NUMBER | |
| Classification number | 005.2762 |
| Edition number | 22 |
| Item number | GAN-M |
| 100 1# - MAIN ENTRY--AUTHOR | |
| Author Name | Ganguli, Madhushree. |
| 245 10 - TITLE STATEMENT | |
| Title | Making use of JSP / |
| Statement of responsibility, etc. | Madhushree Ganguli. |
| 260 ## - PUBLICATION, DISTRIBUTION, ETC. | |
| Place of Publication | New York : |
| Name of publisher, distributor, etc. | Wiley, |
| Date of publication, distribution, etc. | 2002. |
| 300 ## - PHYSICAL DESCRIPTION | |
| Pages | xxv, 422 p. : |
| 500 ## - GENERAL NOTE | |
| General note | "Wiley computer publishing" |
| 500 ## - GENERAL NOTE | |
| General note | Includes index. |
| 650 #0 - SUBJECT ADDED ENTRY--TOPICAL TERM | |
| Subject / Department | Java (Computer program language) |
| 650 #0 - SUBJECT ADDED ENTRY--TOPICAL TERM | |
| Subject / Department | Web servers. |
| 650 #0 - SUBJECT ADDED ENTRY--TOPICAL TERM | |
| Subject / Department | Web site development. |
| 300 ## - PHYSICAL DESCRIPTION | |
| -- | ill. ; |
| -- | 24 cm. |
| 856 42 - | |
| -- | Contributor biographical information |
| -- | http://www.loc.gov/catdir/bios/wiley044/2002728863.html |
| 856 42 - | |
| -- | Publisher description |
| -- | http://www.loc.gov/catdir/description/wiley037/2002728863.html |
| 856 41 - | |
| -- | Table of contents |
| -- | http://www.loc.gov/catdir/toc/wiley031/2002728863.html |
| 906 ## - LOCAL DATA ELEMENT F, LDF (RLIN) | |
| a | 7 |
| b | cbc |
| c | pccadap |
| d | 2 |
| e | ncip |
| f | 20 |
| g | y-gencatlg |
| 952 ## - LOCATION AND ITEM INFORMATION (KOHA) | |
| -- | 0 |
| -- | 0 |
| Lost status | Damaged status | Permanent Location | Current Location | Shelving Location | Date acquired | Full Call Number | Accession No./Barcode | Date last seen | item type |
|---|---|---|---|---|---|---|---|---|---|
| Superior Information Resource Center (SIRC) Superior University- Gold Campus | Superior Information Resource Center (SIRC) Superior University- Gold Campus | Web Programming | 08/02/2023 | 005.2762 GAN-M 2002 | 19544 | 08/02/2023 | BOOK |
